[Event "ch-FRA Women"]
[Site "Vichy FRA"]
[Date "2000.08.19"]
[EventDate "2000.08.16"]
[Round "4"]
[Result "1-0"]
[White "Marie Sebag"]
[Black "Martine Dubois"]
[WhiteElo "2227"]
[BlackElo "2084"]
[PlyCount "99"]

1.e4 d5 2.exd5 Nf6 3.Bb5+ Bd7 4.Bc4 Bg4 5.f3 Bc8 6.Nc3 Nbd7
7.Nge2 Nb6 8. Bb3 Nbxd5 9.Nxd5 Nxd5 10.d4 e6 11.O-O a5 12.c4
Nb6 13.Nc3 Bb4 14.c5 Bxc3 15.bxc3 Nd7 16.Qe1 a4 17.Bc2 c6
18.Qg3 g6 19.Re1 Nf8 20.Bf4 f6 21.Bd6 Kf7 22.c4 g5 23.f4 gxf4
24.Qxf4 Ng6 25.Qh6 f5 26.Rad1 Qh4 27.Qxh4 Nxh4 28.d5 Rg8
29.Bg3 Rg4 30.Bd3 Ng6 31.Be2 Rg5 32.dxc6 bxc6 33.Rd8 f4 34.Bf2
e5 35. Bf3 Bg4 36.Rxa8 Bxf3 37.Ra7+ Kf6 38.g3 e4 39.Bd4+ Kf5
40.Kf2 Kg4 41.gxf4 Rh5 42.Rg1+ Kh3 43.Rg5 Rh4 44.Be5 Kxh2
45.Bd6 Kh3 46.Rg3+ Kh2 47.f5 Nf4 48.Rxf3 exf3 49.Kxf3 Rh3+
50.Kxf4 1-0

[Event "ch-FRA Women"]
[Site "Vichy FRA"]
[Date "2000.08.20"]
[EventDate "2000.08.16"]
[Round "5"]
[Result "1-0"]
[White "Aurelie Dacalor"]
[Black "Marie Sebag"]
[WhiteElo "2126"]
[BlackElo "2227"]
[PlyCount "83"]

1.d4 d5 2.c4 c6 3.Nc3 Nf6 4.cxd5 cxd5 5.Nf3 Nc6 6.Bf4 a6 7.e3
Bg4 8.h3 Bxf3 9.Qxf3 e6 10.Be2 Bd6 11.Bg5 Be7 12.O-O h6 13.Bh4
O-O 14.Rac1 Rc8 15. Bd3 Na5 16.Ne2 b5 17.b3 Rxc1 18.Rxc1 Qd7
19.Rd1 Ne8 20.Bg3 g5 21.Qh5 f5 22.Qg6+ Ng7 23.Be5 Rf7 24.Qxh6
Nc6 25.Bh2 Ne8 26.Qh5 Rg7 27.Qf3 Nf6 28.g4 Bd6 29.Bxd6 Qxd6
30.Kg2 Ne7 31.Qg3 Qd7 32.Qb8+ Kf7 33.f3 Ng6 34.Rc1 Nh4+ 35.Kf2
Kg6 36.gxf5+ exf5 37.Qc8 Qd6 38.Ng3 Rg8 39.Bxf5+ Kh6 40.Qe6
Qxe6 41.Bxe6 Re8 42.Rc6 1-0

[Event "ch-FRA Women"]
[Site "Vichy FRA"]
[Date "2000.08.21"]
[EventDate "2000.08.16"]
[Round "6"]
[Result "1-0"]
[White "Marie Sebag"]
[Black "Sophie Milliet"]
[WhiteElo "2227"]
[BlackElo "2131"]
[PlyCount "67"]

1.e4 e5 2.Nf3 Nf6 3.Nxe5 d6 4.Nf3 Nxe4 5.Qe2 Qe7 6.d3 Nf6
7.Bg5 Nbd7 8.Nc3 Qxe2+ 9.Bxe2 h6 10.Be3 a6 11.O-O Be7 12.Rfe1
O-O 13.Bf1 Re8 14.Re2 Nf8 15. Rae1 Ng6 16.h3 Bd7 17.g3 Bc6
18.Nd4 Bd7 19.Bg2 c6 20.f4 Bf8 21.f5 Ne7 22. g4 Nc8 23.Bf3 d5
24.Nb3 b6 25.Bd4 Rxe2 26.Nxe2 Nh7 27.Nf4 Rb8 28.c4 c5 29. Be5
Bd6 30.Bxd5 Bxe5 31.Rxe5 Nf6 32.Bg2 Nd6 33.Nd5 Nxd5 34.Rxd5
1-0

[Event "ch-FRA Women"]
[Site "Vichy FRA"]
[Date "2000.08.23"]
[EventDate "2000.08.16"]
[Round "8"]
[Result "1-0"]
[White "Marie Sebag"]
[Black "Marina Martsynovskaya"]
[WhiteElo "2227"]
[BlackElo "2236"]
[PlyCount "65"]

1.e4 c5 2.Nf3 Nc6 3.Nc3 a6 4.d4 cxd4 5.Nxd4 e5 6.Nf5 d6 7.Ne3
Be6 8.Ncd5 Nf6 9.Nxf6+ Qxf6 10.Nd5 Bxd5 11.exd5 Ne7 12.c4 Rd8
13.Bd3 Qh4 14.O-O f5 15.Be3 g6 16.g3 Qf6 17.Bc2 Bg7 18.Bb6 Ra8
19.Ba4+ Kf8 20.c5 e4 21.Bc7 dxc5 22.d6 b5 23.dxe7+ Kxe7 24.Qd5
bxa4 25.Qb7 Qxb2 26.Bd8+ Kxd8 27.Rad1+ Ke8 28.Qxa8+ Kf7
29.Qa7+ Kf6 30.Rd6+ Kg5 31.Qe7+ Bf6 32.Rxf6 Qxf6 33.h4+ 1-0

[Event "ch-FRA Women"]
[Site "Vichy FRA"]
[Date "2000.08.24"]
[EventDate "2000.08.16"]
[Round "9"]
[Result "0-1"]
[White "Claire Marchadour"]
[Black "Marie Sebag"]
[WhiteElo "2126"]
[BlackElo "2227"]
[PlyCount "74"]

1.e4 Nf6 2.e5 Nd5 3.d4 d6 4.Nf3 Bg4 5.Be2 e6 6.O-O Be7 7.h3
Bh5 8.c4 Nb6 9.Nc3 O-O 10.Be3 Nc6 11.exd6 cxd6 12.b3 d5 13.c5
Nc8 14.g4 Bg6 15.a3 f5 16.Qd2 h6 17.g5 hxg5 18.Nxg5 Nxd4
19.Bxd4 Bxg5 20.f4 Bf6 21.Bf3 Ne7 22. Rae1 Nc6 23.Bxf6 Rxf6
24.Rf2 Qa5 25.Qc1 Bf7 26.b4 Qd8 27.Nb5 a5 28.Qd2 axb4 29.axb4
Rg6+ 30.Kh2 Qh4 31.Rg2 Rxg2+ 32.Bxg2 Ra4 33.Rb1 Bh5 34.Nd6 Ra3
35.Re1 Qg3+ 36.Kh1 Rd3 37.Qc1 Bf3 0-1

[Event "ch-FRA Women"]
[Site "Vichy FRA"]
[Date "2000.08.25"]
[EventDate "2000.08.16"]
[Round "10"]
[Result "1/2-1/2"]
[White "Marina Roumegous"]
[Black "Marie Sebag"]
[WhiteElo "2211"]
[BlackElo "2227"]
[PlyCount "83"]

1.d4 d5 2.Nf3 Nf6 3.c3 c6 4.Bf4 Bf5 5.Nbd2 h6 6.e3 Nbd7 7.Be2
e6 8.Ne5 Nxe5 9.Bxe5 Be7 10.O-O O-O 11.Re1 Nd7 12.Bg3 Bf6
13.c4 Re8 14.cxd5 exd5 15.b4 a5 16.a3 Qe7 17.Qb3 axb4 18.axb4
Rxa1 19.Rxa1 Bxd4 20.Rc1 Be5 21.Nf3 Bxg3 22.hxg3 Bg4 23.b5
Bxf3 24.Bxf3 Ne5 25.bxc6 bxc6 26.Be2 Qd6 27.Qc3 Re6 28.Rd1 Nd7
29.Bg4 Re7 30.Rc1 Ne5 31.Be2 Rc7 32.Rd1 c5 33.f4 Nc6 34.Bf3
Nb4 35.Qa3 Qc6 36.Qa5 Rc8 37.Qa3 Re8 38.Qc3 Rd8 39.Rc1 Rc8
40.Rd1 Qe6 41.Qb3 Rd8 42.Kh2 1/2-1/2

[Event "16th Winter Open"]
[Site "Nice FRA"]
[Date "2000.12.29"]
[EventDate "2000.12.27"]
[Round "6"]
[Result "1/2-1/2"]
[White "Evgeni Janev"]
[Black "Marie Sebag"]
[WhiteElo "2413"]
[BlackElo "2227"]
[PlyCount "151"]

1.e4 e5 2.Nf3 Nc6 3.Bb5 a6 4.Bxc6 dxc6 5.Nc3 Bd6 6.d4 exd4
7.Qxd4 f6 8.Be3 Be6 9.O-O-O c5 10.Qd2 Qd7 11.Bf4 O-O-O 12.Rhe1
Qf7 13.Bxd6 cxd6 14.Re3 Qd7 15.Rd3 Kc7 16.e5 fxe5 17.Ne4 Qe7
18.Nxc5 Nf6 19.Qa5+ Kc8 20.Nxe6 Qxe6 21. Rc3+ Kb8 22.Qc7+ Ka8
23.Ra3 Rd7 24.Qb6 Rc8 25.Ne1 Ne4 26.Qe3 d5 27.f3 Nd6 28.Qe2
Nc4 29.Rb3 d4 30.Kb1 Ne3 31.Rc1 Rdc7 32.Qd3 Qh6 33.h3 Nc4
34.Rd1 Ne3 35.Rc1 Rc6 36.Qe2 Qg6 37.Qd3 Nxg2 38.Nxg2 Qxg2
39.Qxh7 R8c7 40.a3 g6 41.Qh8+ Rc8 42.Qxe5 Rxc2 43.Rd1 R2c4
44.Qe4 R8c6 45.h4 g5 46.hxg5 Qxg5 47. Ka2 Qf6 48.Rh1 Rb6
49.Rxb6 Qxb6 50.Rd1 Qc5 51.Rd3 Ka7 52.f4 b5 53.Rh3 Rc2 54.Rh7+
Kb6 55.Rb7+ Ka5 56.Qe1+ Qc3 57.Qxc3+ dxc3 58.Kb3 Rxb2+ 59.Kxc3
Rf2 60.Rf7 Ka4 61.Kd3 a5 62.Rf5 Rb2 63.Re5 Kxa3 64.f5 Ka4
65.Re4+ b4 66.Rf4 Rb3+ 67.Kd4 Rc3 68.f6 Rc8 69.f7 Rf8 70.Kc4
Rc8+ 71.Kd4 Rf8 72.Kc4 Rc8+ 73. Kd4 Rd8+ 74.Kc4 Rc8+ 75.Kd4
Rf8 76.Kc4 1/2-1/2

[Event "TCh-FRA"]
[Site "Noyon FRA"]
[Date "2001.02.02"]
[EventDate "2001.02.02"]
[Round "1"]
[Result "1-0"]
[White "Marie Sebag"]
[Black "Herve Lefebvre"]
[WhiteElo "2298"]
[BlackElo "2173"]
[PlyCount "110"]

1. e4 c5 2. Nf3 Nc6 3. d4 cxd4 4. Nxd4 Nf6 5. Nc3 d6 6. Nb3 g6
7. Be2 Bg7 8. O-O O-O 9. Bg5 b6 10. f4 Bb7 11. Bf3 Na5 12. e5
Bxf3 13. Qxf3 dxe5 14. fxe5 Nxb3 15. axb3 Qd4+ 16. Be3 Qxe5
17. Bxb6 Ng4 18. g3 Qh5 19. h4 axb6 20. Rxa8 Bd4+ 21. Kh1 Nf2+
22. Rxf2 Qxf3+ 23. Rxf3 Rxa8 24. Nd5 Ra1+ 25. Kg2 Rc1 26. c3
Rc2+ 27. Kf1 e6 28. Ne7+ Kf8 29. Nc8 Bc5 30. b4 Bxb4 31. Nxb6
Rxb2 32. cxb4 Rxb4 33. Nd7+ Ke7 34. Ne5 Rb1+ 35. Ke2 f6
36. Ng4 f5 37. Ne5 Kf6 38. Re3 Rb5 39. Nc4 e5 40. Ra3 Ke6
41. Nd2 Rb4 42. Ra7 Rg4 43. Ra6+ Kd5 44. Nf1 f4 45. Kf3 h5
46. Ra4 g5 47. hxg5 Rxg5 48. gxf4 Rg8 49. Ra5+ Kd4 50. Rxe5 h4
51. Rh5 Ra8 52. Rxh4 Ra3+ 53. Kg4 Ra1 54. Nh2 Rg1+ 55. Kf5 Ke3
1-0

[Event "Girl Stars FIDE Trophy"]
[Site "Cannes FRA"]
[Date "2001.03.22"]
[EventDate "2001.03.22"]
[Round "1"]
[Result "1-0"]
[White "Marie Sebag"]
[Black "Alexandra Kosteniuk"]
[WhiteElo "2298"]
[BlackElo "2402"]
[PlyCount "87"]

1. e4 c5 2. Nf3 d6 3. d4 cxd4 4. Nxd4 Nf6 5. Nc3 Nc6 6. Bg5 e6
7. Qd2 a6 8. O-O-O h6 9. Bf4 Bd7 10. Nxc6 Bxc6 11. f3 d5
12. Qe1 Bb4 13. a3 Ba5 14. Bd2 O-O 15. exd5 exd5 16. Bd3 Re8
17. Ne2 Bxd2+ 18. Qxd2 b5 19. Nd4 Bd7 20. g4 Re5 21. h4 Ne8
22. f4 Re7 23. g5 h5 24. f5 f6 25. Qf2 Qb6 26. c3 b4 27. axb4
a5 28. Qf3 Qd6 29. Bc4 Nc7 30. gxf6 Rf7 31. Nb3 axb4 32. Rxd5
Qc6 33. Qd3 Be8 34. Rg1 Qxf6 35. Rd6 Qxh4 36. Rdg6 Kh8 37. f6
Qf4+ 38. Kb1 Bd7 39. Bxf7 Bf5 40. fxg7+ Kh7 41. g8=Q+ Rxg8
42. Bxg8+ Kh8 43. Rh6+ Qxh6 44. Qxf5 1-0

[Event "Girl Stars FIDE Trophy"]
[Site "Cannes FRA"]
[Date "2001.03.22"]
[EventDate "2001.03.22"]
[Round "2"]
[Result "0-1"]
[White "Alexandra Kosteniuk"]
[Black "Marie Sebag"]
[WhiteElo "2402"]
[BlackElo "2298"]
[PlyCount "102"]

1. e4 e5 2. Nf3 Nc6 3. Bb5 a6 4. Ba4 Nf6 5. O-O b5 6. Bb3 Bc5
7. Re1 d6 8. c3 O-O 9. d4 Bb6 10. Bg5 h6 11. Bh4 Bg4 12. Bd5
Bd7 13. dxe5 dxe5 14. Bg3 Re8 15. Nbd2 Nxd5 16. exd5 Ne7
17. Qb3 a5 18. a3 a4 19. Qa2 Bc8 20. Rxe5 Bb7 21. d6 cxd6
22. Rxb5 Bc6 23. Rh5 Ng6 24. Nc4 Bc5 25. Rd1 Qf6 26. Qb1 Bxf3
27. gxf3 Qxf3 28. Rf5 Bxf2+ 29. Bxf2 Qg4+ 30. Bg3 Qxc4 31. Qd3
Qxd3 32. Rxd3 Re2 33. Rf2 Rxf2 34. Kxf2 Rb8 35. Rd2 Ne5
36. Bxe5 dxe5 37. Ke3 Kf8 38. Ke4 Rb5 39. c4 Rc5 40. Kd3 Ke7
41. Kc3 f5 42. Kb4 Rc7 43. c5 e4 44. Kb5 e3 45. Re2 f4 46. Kb6
Rc8 47. c6 Kd6 48. Rc2 f3 49. Kb7 Rc7+ 50. Kb6 f2 51. Rc3 f1=Q
0-1

[Event "Girl Stars FIDE Trophy"]
[Site "Cannes FRA"]
[Date "2001.03.23"]
[EventDate "2001.03.22"]
[Round "3"]
[Result "0-1"]
[White "Marie Sebag"]
[Black "Alexandra Kosteniuk"]
[WhiteElo "2298"]
[BlackElo "2402"]
[PlyCount "70"]

1. e4 c5 2. Nf3 d6 3. d4 cxd4 4. Nxd4 Nf6 5. Nc3 Nc6 6. Bg5 e6
7. Qd2 a6 8. O-O-O h6 9. Bf4 Bd7 10. Nxc6 Bxc6 11. f3 d5
12. Qe1 Bb4 13. a3 Ba5 14. Bd2 Rc8 15. Qg3 Bc7 16. e5 Nd7
17. Re1 g6 18. h4 d4 19. Na2 Ba4 20. Bd3 Nc5 21. Kb1 Nxd3
22. cxd3 Bc2+ 23. Ka1 Bxd3 24. h5 a5 25. f4 Bf5 26. Qf3 Qd5
27. Qxd5 exd5 28. Nc1 Bb6 29. Nb3 a4 30. Ba5 axb3 31. Bxb6 d3
32. e6 fxe6 33. hxg6 Rg8 34. g4 Bxg4 35. Reg1 d2 0-1

[Event "Girl Stars FIDE Trophy"]
[Site "Cannes FRA"]
[Date "2001.03.23"]
[EventDate "2001.03.22"]
[Round "4"]
[Result "1-0"]
[White "Alexandra Kosteniuk"]
[Black "Marie Sebag"]
[WhiteElo "2402"]
[BlackElo "2298"]
[PlyCount "51"]

1. e4 e5 2. Nf3 Nc6 3. Bb5 a6 4. Ba4 Nf6 5. O-O b5 6. Bb3 Bc5
7. a4 Rb8 8. axb5 axb5 9. c3 d6 10. d4 Bb6 11. Na3 O-O
12. Nxb5 exd4 13. cxd4 Bg4 14. Ra4 Re8 15. Re1 d5 16. e5 Ne4
17. Bc2 Qd7 18. Nc3 Ba5 19. Nxe4 Bxf3 20. Nf6+ gxf6 21. Qxf3
Bxe1 22. Bh6 Ne7 23. Qxf6 Qg4 24. h3 Rb6 25. Qxe7 Bxf2+
26. Kf1 1-0

[Event "Girl Stars FIDE Trophy"]
[Site "Cannes FRA"]
[Date "2001.03.24"]
[EventDate "2001.03.22"]
[Round "5"]
[Result "1/2-1/2"]
[White "Marie Sebag"]
[Black "Alexandra Kosteniuk"]
[WhiteElo "2298"]
[BlackElo "2402"]
[PlyCount "137"]

1. e4 c5 2. Nf3 d6 3. c3 Nf6 4. h3 g6 5. Bd3 Bg7 6. Bc2 e5
7. d4 exd4 8. cxd4 O-O 9. O-O Nc6 10. dxc5 dxc5 11. Nc3 Be6
12. Be3 Qa5 13. Qe2 Nd7 14. Rfd1 Qb4 15. Na4 Rfd8 16. a3 Qc4
17. Qxc4 Bxc4 18. Bg5 f6 19. Be3 b6 20. Rd6 Nde5 21. Nxe5 Nxe5
22. Rad1 Nf7 23. Rxd8+ Rxd8 24. Rxd8+ Nxd8 25. f4 Kf7 26. Kf2
Nc6 27. Nc3 Ne7 28. Bb1 Ke6 29. b4 cxb4 30. axb4 Nc6 31. Ba2
Bxa2 32. Nxa2 Bf8 33. b5 Nd8 34. Nc3 Nb7 35. Nd5 f5 36. Nc3
fxe4 37. Nxe4 Be7 38. Kf3 Kd5 39. g4 Ke6 40. Bf2 Na5 41. h4
Nc4 42. h5 Na3 43. Nc3 Bf6 44. Ne4 Nxb5 45. hxg6 hxg6 46. Nxf6
Kxf6 47. Ke4 Nc3+ 48. Kd4 Ne2+ 49. Ke4 Nc3+ 50. Kd4 Nb5+
51. Ke4 Nd6+ 52. Kd5 Ke7 53. Bh4+ Kd7 54. Bf2 Kc7 55. Bd4 Kd7
56. Bf2 Nc8 57. f5 gxf5 58. gxf5 Ne7+ 59. Ke5 Ng8 60. f6 Ke8
61. Ke6 Nxf6 62. Kxf6 Kd7 63. Ke5 Kc6 64. Kd4 Kb5 65. Kc3 Ka4
66. Kb2 Ka5 67. Kb3 a6 68. Be1+ Kb5 69. Bf2 1/2-1/2

[Event "Girl Stars FIDE Trophy"]
[Site "Cannes FRA"]
[Date "2001.03.24"]
[EventDate "2001.03.22"]
[Round "6"]
[Result "1-0"]
[White "Alexandra Kosteniuk"]
[Black "Marie Sebag"]
[WhiteElo "2402"]
[BlackElo "2298"]
[PlyCount "89"]

1. e4 e5 2. Nf3 Nc6 3. Bb5 a6 4. Ba4 Nf6 5. O-O b5 6. Bb3 Bc5
7. a4 Rb8 8. axb5 axb5 9. c3 d6 10. d4 Bb6 11. Na3 O-O
12. Nxb5 exd4 13. cxd4 Bg4 14. Ra4 Re8 15. Re1 Qd7 16. Bc2 d5
17. e5 Ne4 18. Nc3 Bxf3 19. gxf3 Nxc3 20. bxc3 Qh3 21. f4 Ne7
22. Re3 Qd7 23. Rg3 Ra8 24. f5 Rxa4 25. Bxa4 c6 26. Qg4 g6
27. fxg6 Qxg4 28. gxh7+ Kh8 29. Rxg4 Ra8 30. Bg5 Rxa4 31. Bxe7
Kxh7 32. Bf6 c5 33. Rg7+ Kh6 34. dxc5 Bxc5 35. Rxf7 Rc4
36. Rd7 Rg4+ 37. Kf1 Rf4 38. Rxd5 Bxf2 39. Ke2 Kg6 40. Rd3 Bh4
41. Rd6 Kf5 42. Rd4 Rf2+ 43. Ke3 Bxf6 44. Kxf2 Bxe5 45. Rd5
1-0

[Event "TCh-FRA"]
[Site "Mulhouse FRA"]
[Date "2001.03.29"]
[EventDate "2001.02.02"]
[Round "4"]
[Result "1-0"]
[White "Marie Sebag"]
[Black "Marie Leclair"]
[WhiteElo "2298"]
[BlackElo "2032"]
[PlyCount "49"]

1. e4 c5 2. Nf3 Nc6 3. d4 cxd4 4. Nxd4 Nf6 5. Nc3 d6 6. Bg5 e6
7. Qd2 a6 8. O-O-O h6 9. Bf4 Bd7 10. Nxc6 Bxc6 11. f3 d5
12. Qe1 Bb4 13. a3 Be7 14. exd5 exd5 15. Ne2 O-O 16. Nd4 Re8
17. Qd2 Bf8 18. g4 Bd7 19. h4 Qb6 20. Be3 Qc7 21. g5 Qe5
22. Re1 hxg5 23. hxg5 Nh7 24. f4 Qe4 25. Bd3 1-0

[Event "TCh-FRA"]
[Site "Mulhouse FRA"]
[Date "2001.03.31"]
[EventDate "2001.02.02"]
[Round "6"]
[Result "1-0"]
[White "Marie Sebag"]
[Black "Sebastien Riff"]
[WhiteElo "2298"]
[BlackElo "2223"]
[PlyCount "85"]

1. e4 c5 2. Nf3 e6 3. b3 d6 4. Bb2 Nc6 5. d4 Nf6 6. d5 Nb8
7. Bb5+ Bd7 8. Bxd7+ Qxd7 9. dxe6 Qxe6 10. O-O Nc6 11. Nc3
O-O-O 12. Re1 h6 13. Nd2 g5 14. Nc4 Rg8 15. Nb5 Be7 16. Qf3
Ng4 17. Rad1 Nge5 18. Bxe5 dxe5 19. Qf5 Qxf5 20. exf5 f6
21. c3 Rxd1 22. Rxd1 Rd8 23. Rxd8+ Kxd8 24. Nbd6 Kc7 25. Ne4
Nb8 26. Ne3 Nd7 27. Nd5+ Kd8 28. a4 c4 29. b4 Nb6 30. Nxb6
axb6 31. Nd2 Kc7 32. Nxc4 Kc6 33. Kf1 Bd8 34. Ke2 h5 35. Kd3
Be7 36. Ne3 b5 37. axb5+ Kxb5 38. c4+ Kc6 39. Nd5 Bd8 40. Nc3
b6 41. Ne4 b5 42. Nc3 bxc4+ 43. Kxc4 1-0

[Event "TCh-FRA"]
[Site "Mulhouse FRA"]
[Date "2001.04.01"]
[EventDate "2001.02.02"]
[Round "7"]
[Result "0-1"]
[White "Emilie Chapelle"]
[Black "Marie Sebag"]
[WhiteElo "2011"]
[BlackElo "2298"]
[PlyCount "60"]

1. d4 Nf6 2. c4 c6 3. Nc3 d5 4. e3 a6 5. a4 e6 6. Bd3 c5
7. Nf3 cxd4 8. exd4 dxc4 9. Bxc4 Nc6 10. O-O Be7 11. Re1 O-O
12. Ne4 Nxe4 13. Rxe4 b6 14. Bf4 Bb7 15. Re3 Nb4 16. Rc1 Bd6
17. Bxd6 Qxd6 18. Ng5 Qf4 19. Rg3 Rad8 20. Rg4 Qf5 21. Rc3 Bd5
22. Bf1 Rc8 23. Nh3 Na2 24. Bd3 Nxc3 25. bxc3 Bb3 26. Qe2 Rxc3
27. Bxf5 Rc1+ 28. Qf1 Rxf1+ 29. Kxf1 exf5 30. Rf4 g6 0-1

[Event "TCh-FRA"]
[Site "Montpellier FRA"]
[Date "2001.04.29"]
[EventDate "2001.04.28"]
[Round "9"]
[Result "1/2-1/2"]
[White "Jean-Olivier Leconte"]
[Black "Marie Sebag"]
[WhiteElo "2268"]
[BlackElo "2283"]
[PlyCount "73"]

1. e4 c5 2. Nf3 Nc6 3. Nc3 d6 4. d4 cxd4 5. Nxd4 Nf6 6. Nb3 e6
7. g3 d5 8. Bg2 d4 9. Ne2 e5 10. O-O a5 11. Bg5 Be7 12. Nbc1
Nd7 13. Bxe7 Qxe7 14. c3 dxc3 15. Nxc3 O-O 16. Nd5 Qd8 17. Ne2
Nc5 18. Qc1 b6 19. Rd1 Ba6 20. Qe3 Ne6 21. Bf1 Bxe2 22. Bxe2
Ned4 23. Rac1 Ne7 24. Nc3 Rc8 25. Bg4 Rc5 26. Ne2 f5 27. exf5
Nexf5 28. Bxf5 Rxf5 29. Nxd4 exd4 30. Qe6+ Rf7 31. Rc4 Qd7
32. Qxd7 Rxd7 33. Rcxd4 Rxd4 34. Rxd4 Rc2 35. Rd8+ Kf7
36. Rd7+ Kf8 37. Rb7 1/2-1/2

[Event "TCh-FRA"]
[Site "Montpellier FRA"]
[Date "2001.04.30"]
[EventDate "2001.04.28"]
[Round "10"]
[Result "0-1"]
[White "Marie Sebag"]
[Black "Roza (Te) Lallemand"]
[WhiteElo "2283"]
[BlackElo "2291"]
[PlyCount "94"]

1. e4 c5 2. Nf3 d6 3. d4 cxd4 4. Nxd4 Nf6 5. Nc3 Nc6 6. Bg5 e6
7. Qd2 a6 8. O-O-O h6 9. Nxc6 bxc6 10. Bf4 d5 11. Qe3 Bb4
12. a3 Ba5 13. Be2 O-O 14. e5 Nd7 15. Qg3 Kh8 16. Qh3 f6
17. Bxh6 Nxe5 18. Bd3 Nxd3+ 19. Rxd3 Rf7 20. Qh5 Kg8 21. Bd2
Rb8 22. g4 e5 23. Rg1 d4 24. b4 Bc7 25. g5 fxg5 26. Bxg5 Qd7
27. Ne4 Qf5 28. Qh4 Qh7 29. Nf6+ Rxf6 30. Bxf6 Qxh4 31. Bxh4
Bf5 32. Rdd1 Kf7 33. Bg3 c5 34. Rde1 Kf6 35. Bh4+ Kf7 36. Bg3
Kf6 37. bxc5 Rb5 38. f4 e4 39. Rd1 d3 40. cxd3 exd3 41. Kd2
Rxc5 42. Rb1 Rc2+ 43. Ke3 d2 44. Bf2 Ba5 45. Ra1 Rc4 46. Rh1
Rd4 47. Kxd4 Bc8 0-1

[Event "Master Open"]
[Site "Lausanne SUI"]
[Date "2001.05.22"]
[EventDate "2001.05.20"]
[Round "1"]
[Result "0-1"]
[White "Marie Sebag"]
[Black "Christian Bauer"]
[WhiteElo "2283"]
[BlackElo "2612"]
[PlyCount "53"]

1. e4 g6 2. d4 c6 3. Nc3 d5 4. Nf3 Bg7 5. h3 Nh6 6. Bd3 O-O
7. Qe2 dxe4 8. Nxe4 Nf5 9. c3 Nd7 10. Bf4 Nf6 11. Nxf6+ exf6
12. O-O Re8 13. Qc2 Be6 14. Nd2 Ne7 15. Ne4 Nd5 16. Bd2 b6
17. Qa4 Qd7 18. b4 a6 19. Rae1 h6 20. c4 Nc7 21. Bxh6 f5
22. Bxg7 fxe4 23. Bxe4 b5 24. cxb5 cxb5 25. Qc2 Kxg7 26. Bxa8
Rxa8 27. Re5 0-1

[Event "EuChJun Girls"]
[Site "Patras GRE"]
[Date "2001.07.16"]
[EventDate "2001.07.16"]
[Round "1"]
[Result "1-0"]
[White "Marie Sebag"]
[Black "Slaveja Shtereva"]
[WhiteElo "2312"]
[BlackElo "2100"]
[PlyCount "105"]

1. e4 c5 2. Nf3 e6 3. Nc3 a6 4. d4 cxd4 5. Nxd4 b5 6. g3 Bb7
7. Bg2 Nf6 8. Qe2 Qb6 9. Nb3 d5 10. exd5 b4 11. Be3 Qd8
12. Na4 Bxd5 13. O-O-O Bd6 14. Bxd5 Nxd5 15. Rxd5 exd5 16. Nb6
O-O 17. Nxa8 Nc6 18. Nb6 d4 19. Nc4 dxe3 20. Rd1 exf2 21. Nxd6
Qg5+ 22. Kb1 Rd8 23. Qxf2 Qe7 24. Qc5 Na7 25. Kc1 g6 26. Nc4
Rxd1+ 27. Kxd1 Qe4 28. Qxa7 Qxc4 29. Qb8+ Kg7 30. Qf4 Qc6
31. Qf2 a5 32. Qd4+ Kg8 33. Kc1 Qh1+ 34. Qd1 Qxh2 35. g4 a4
36. Nc5 a3 37. Nd3 Qd6 38. Qd2 axb2+ 39. Kb1 h5 40. gxh5 gxh5
41. Qg5+ Qg6 42. Qxg6+ fxg6 43. Kxb2 h4 44. Kc1 Kf7 45. Kd2 h3
46. Nf2 h2 47. Ke3 Ke6 48. Kf3 Ke5 49. Kg2 Kd4 50. Nd3 Kc3
51. Kxh2 Kxc2 52. Nxb4+ Kc3 53. Nc2 1-0

[Event "EuChJun Girls"]
[Site "Patras GRE"]
[Date "2001.07.17"]
[EventDate "2001.07.16"]
[Round "2"]
[Result "1-0"]
[White "Agnieszka Matras-Clement"]
[Black "Marie Sebag"]
[WhiteElo "2218"]
[BlackElo "2312"]
[PlyCount "67"]

1. e4 c5 2. Nc3 Nc6 3. Bb5 g6 4. Bxc6 bxc6 5. d3 d6 6. f4 Bg7
7. Nf3 Nh6 8. O-O O-O 9. h3 Rb8 10. f5 gxf5 11. Nh4 f4
12. Bxf4 e5 13. Bxh6 Qxh4 14. Bxg7 Kxg7 15. Qe2 Rxb2 16. Nd1
Rb7 17. Ne3 f6 18. Rf5 Kh8 19. Rh5 Qg3 20. Rf1 Be6 21. a3 Rg8
22. Kh1 Rg6 23. Nf5 Bxf5 24. Rhxf5 Kg7 25. R5f3 Qh4 26. Kh2
Rb2 27. Qd2 Qg5 28. Qf2 Ra2 29. Rf5 Qh6 30. g4 Kh8 31. g5 Qf8
32. Rxf6 Rxf6 33. gxf6 Rxa3 34. f7 1-0

[Event "EuChJun Girls"]
[Site "Patras GRE"]
[Date "2001.07.18"]
[EventDate "2001.07.16"]
[Round "3"]
[Result "1-0"]
[White "Marie Sebag"]
[Black "Ioulia Makka"]
[WhiteElo "2312"]
[BlackElo "2123"]
[PlyCount "87"]

1. e4 e6 2. d4 d5 3. e5 c5 4. c3 Nc6 5. Nf3 Qb6 6. a3 a5
7. Bd3 cxd4 8. cxd4 Bd7 9. Bc2 Nge7 10. Nc3 g6 11. Ne2 Bg7
12. Bg5 O-O 13. Bf6 Rfc8 14. g4 Kf8 15. h4 Na7 16. Rb1 Ng8
17. g5 h5 18. gxh6 Bxf6 19. h7 Bh8 20. hxg8=Q+ Kxg8 21. h5
gxh5 22. Qd3 Kf8 23. Qh7 Ke7 24. Nf4 Be8 25. Ng6+ Kd8 26. Nxh8
Nb5 27. Rd1 Rc7 28. Rg1 f5 29. exf6 Rxh7 30. Bxh7 Nd6 31. Ne5
Qxb2 32. Rg7 Bb5 33. Bd3 Qxd4 34. Nhg6 Qc3+ 35. Kf1 Bxd3+
36. Rxd3 Qa1+ 37. Kg2 Ra6 38. Rf3 Kc8 39. f7 Nxf7 40. Rfxf7
Kb8 41. Rxb7+ Ka8 42. Rbd7 Rb6 43. Rg8+ Rb8 44. Nc6 1-0

[Event "EuChJun Girls"]
[Site "Patras GRE"]
[Date "2001.07.19"]
[EventDate "2001.07.16"]
[Round "4"]
[Result "1-0"]
[White "Irina Zakurdjaeva"]
[Black "Marie Sebag"]
[WhiteElo "2264"]
[BlackElo "2312"]
[PlyCount "77"]

1. e4 c5 2. Nf3 Nc6 3. d4 cxd4 4. Nxd4 g6 5. Nc3 Bg7 6. Be3
Nf6 7. Bc4 O-O 8. Bb3 d6 9. f3 Nxd4 10. Bxd4 Be6 11. Qd3 Qa5
12. O-O Nd7 13. Bxg7 Kxg7 14. f4 Qc5+ 15. Kh1 Rac8 16. Rad1
Nf6 17. Qg3 b5 18. e5 dxe5 19. fxe5 Nd7 20. Rfe1 Rcd8 21. Ne4
Qxe5 22. Bxe6 Qxe6 23. Nd6 Qf6 24. Nb7 Rc8 25. Rxd7 Rxc2
26. Rdxe7 Rxb2 27. Nd6 Rf2 28. h3 Qb2 29. Ne4 Rc2 30. Ng5 Kg8
31. Qh4 h5 32. Qe4 Rc1 33. Kh2 Rxe1 34. Qxe1 Qxa2 35. Qe5 Qa6
36. Ne4 Rd8 37. Nf6+ Kf8 38. Nd7+ Kg8 39. Qd5 1-0

[Event "EuChJun Girls"]
[Site "Patras GRE"]
[Date "2001.07.20"]
[EventDate "2001.07.16"]
[Round "5"]
[Result "1-0"]
[White "Marie Sebag"]
[Black "Anastazia Karlovich"]
[WhiteElo "2312"]
[BlackElo "2295"]
[PlyCount "77"]

1. e4 e5 2. Nf3 Nc6 3. Bb5 Bc5 4. c3 f5 5. d4 fxe4 6. Bxc6
dxc6 7. Nxe5 Bd6 8. Qh5+ g6 9. Qe2 Nf6 10. Bg5 O-O 11. Nd2 Be7
12. Nxe4 Nxe4 13. Bxe7 Qxe7 14. Qxe4 Bf5 15. Qe3 c5 16. dxc5
Rad8 17. O-O Rd5 18. Rfe1 Qxc5 19. Qxc5 Rxc5 20. g4 Bxg4
21. Nxg4 Rg5 22. h3 h5 23. Re5 Rff5 24. Re8+ Kf7 25. Rae1 hxg4
26. R8e7+ Kf8 27. h4 Rh5 28. Rxc7 Rb5 29. b4 Rxh4 30. Rd1 Ke8
31. Rdd7 Rbh5 32. c4 b5 33. c5 g3 34. fxg3 Rxb4 35. c6 Rb1+
36. Kg2 Rb2+ 37. Kf3 Rf5+ 38. Ke3 Re5+ 39. Kd4 1-0

[Event "EuChJun Girls"]
[Site "Patras GRE"]
[Date "2001.07.21"]
[EventDate "2001.07.16"]
[Round "6"]
[Result "1-0"]
[White "Ana Srebrnic"]
[Black "Marie Sebag"]
[WhiteElo "2176"]
[BlackElo "2312"]
[PlyCount "93"]

1. Nf3 d5 2. d4 Nf6 3. c4 c6 4. Nc3 a6 5. e3 b5 6. b3 Bg4
7. Be2 e6 8. Ne5 Bxe2 9. Qxe2 Bb4 10. Bd2 Qa5 11. Rc1 Ne4
12. Nxe4 dxe4 13. f3 f6 14. Ng4 exf3 15. gxf3 O-O 16. Rc2 Nd7
17. O-O Rad8 18. Kh1 Bxd2 19. Rxd2 f5 20. Nf2 bxc4 21. bxc4 e5
22. Rfd1 Nb6 23. f4 e4 24. Rc2 Na4 25. Rg1 Rb8 26. Nd1 Rb1
27. Qh5 Qd8 28. Rcg2 Qf6 29. c5 Rfb8 30. Qe2 Nb2 31. Nxb2
R8xb2 32. Qxb2 Rxb2 33. Rxb2 g6 34. Rb8+ Kg7 35. Rb7+ Kf8
36. Rgb1 g5 37. Ra7 Qd8 38. Rxh7 Kg8 39. Rhb7 Qd5 40. Rc7 Qd8
41. Rbb7 gxf4 42. Rg7+ Kf8 43. Rbf7+ Ke8 44. Rg8+ Kxf7
45. Rxd8 fxe3 46. Kg1 f4 47. Rd6 1-0

[Event "EuChJun Girls"]
[Site "Patras GRE"]
[Date "2001.07.24"]
[EventDate "2001.07.16"]
[Round "8"]
[Result "1/2-1/2"]
[White "Marie Sebag"]
[Black "Elli Sperdokli"]
[WhiteElo "2312"]
[BlackElo "2141"]
[PlyCount "102"]

1. e4 e5 2. Nf3 Nc6 3. d4 exd4 4. Nxd4 Bc5 5. Nxc6 Qf6 6. Qd2
dxc6 7. Nc3 Be6 8. Bd3 O-O-O 9. Qe2 Bd4 10. Bd2 Ne7 11. f4
Rhe8 12. g3 Nd5 13. e5 Qe7 14. Na4 Nb4 15. Be4 f5 16. a3 fxe4
17. axb4 b5 18. Nc5 Bc4 19. Qxe4 Bxc5 20. bxc5 Qxc5 21. Qe3
Qb6 22. Rxa7 Rd4 23. Ra8+ Kd7 24. Rxe8 Kxe8 25. c3 Rd3
26. Qxb6 cxb6 27. Kd1 Rf3 28. h4 Rxg3 29. b4 Ke7 30. f5 h6
31. h5 Bd3 32. f6+ gxf6 33. exf6+ Kxf6 34. Bxh6 Be4 35. Rh4
Bf3+ 36. Kd2 Rg4 37. Rh3 Be4 38. Be3 Rg2+ 39. Ke1 Ra2 40. Bxb6
Ra1+ 41. Kd2 Rh1 42. Bd4+ Kf5 43. Rxh1 Bxh1 44. Bg7 Kg5 45. h6
Kg6 46. Ke3 Bd5 47. Kd4 Bf3 48. Ke5 Bd5 49. Kd6 Bf3 50. Ke7
Bd5 51. Kf8 Bc4 1/2-1/2